<?xml version="1.0" encoding="UTF-8"?>
<marc:record xmlns:marc="http://www.loc.gov/MARC21/slim">
   <marc:leader>00000nam a2200000 a 4500</marc:leader>
   <marc:datafield ind1="1" ind2=" " tag="100">
      <marc:subfield code="a">Bergmann, Sigi</marc:subfield>
      <marc:subfield code="4">aut</marc:subfield>
      <marc:subfield code="e">Verfasser/-in</marc:subfield>
   </marc:datafield>
   <marc:datafield ind1=" " ind2=" " tag="653">
      <marc:subfield code="a">Sailer</marc:subfield>
   </marc:datafield>
   <marc:datafield ind1=" " ind2=" " tag="653">
      <marc:subfield code="a">Toni</marc:subfield>
   </marc:datafield>
   <marc:datafield ind1="0" ind2="0" tag="245">
      <marc:subfield code="a">Toni Sailer - Sonntagskind</marc:subfield>
   </marc:datafield>
   <marc:datafield ind1="0" ind2="0" tag="245">
      <marc:subfield code="b">das Leben eines außergewöhnlichen Sportlers</marc:subfield>
   </marc:datafield>
   <marc:datafield ind1="0" ind2="0" tag="245">
      <marc:subfield code="c">aufgezeichnet von Sigi Bergmann</marc:subfield>
   </marc:datafield>
   <marc:datafield ind1=" " ind2="1" tag="264">
      <marc:subfield code="a">Wien</marc:subfield>
      <marc:subfield code="b">Seifert</marc:subfield>
      <marc:subfield code="c">2009</marc:subfield>
   </marc:datafield>
   <marc:datafield ind1=" " ind2=" " tag="250">
      <marc:subfield code="a">1. Aufl.</marc:subfield>
   </marc:datafield>
   <marc:datafield ind1="1" ind2=" " tag="520">
      <marc:subfield code="a">Toni Sailer war ein außergewöhnlicher Sportler und wurde als Schwarzer Blitz von Kitz zur Legende. In diesem Buch erzählt er dem Sportreporter Sigi Bergmann u.a. von seiner Kindheit in Kitzbühel und der Sportkarriere. Nach Film- und Theaterjahren kehrt er als Funktionär zum Sport zurück (ÖSV, Alpinkomitee des Internationalen Skiverbandes).</marc:subfield>
   </marc:datafield>
   <marc:datafield ind1=" " ind2=" " tag="020">
      <marc:subfield code="a">9783902406576</marc:subfield>
      <marc:subfield code="9">9783902406576</marc:subfield>
   </marc:datafield>
   <marc:datafield ind1=" " ind2=" " tag="020">
      <marc:subfield code="a">3902406577</marc:subfield>
      <marc:subfield code="9">3902406577</marc:subfield>
   </marc:datafield>
   <marc:datafield ind1=" " ind2=" " tag="500">
      <marc:subfield code="a">Toni Sailer war ein außergewöhnlicher Sportler und wurde als Schwarzer Blitz von Kitz zur Legende. In diesem Buch erzählt er dem Sportreporter Sigi Bergmann u.a. von seiner Kindheit in Kitzbühel und der Sportkarriere. Nach Film- und Theaterjahren kehrt er</marc:subfield>
   </marc:datafield>
   <marc:datafield ind1=" " ind2=" " tag="300">
      <marc:subfield code="a">255 S. : Ill.</marc:subfield>
   </marc:datafield>
</marc:record>
